[Event "7th Altibox Norway Chess 2019"]
[Site "Stavanger"]
[Date "2019.06.12"]
[Round "7.1"]
[White "So, Wesley"]
[Black "Carlsen, Magnus"]
[Result "1/2-1/2"]
[WhiteElo "2754"]
[BlackElo "2875"]
[Annotator "TA"]
[PlyCount "71"]
[EventDate "2019.06.04"]
[EventType "tourn"]
[EventCountry "NOR"]
[SourceTitle "playchess.com"]
[Source "ChessBase"]
[SourceQuality "1"]

{[%evp 25,71,22,45,45,45,40,43,43,27,30,47,44,39,39,47,44,48,52,52,48,64,16,12,0,0,0,15,0,0,0,0,0,0,0,0,0,0,0,0,0,0,0,0,0,0,0,0,0]} 1. e4 c5 2. Nf3 Nc6 3. d4 cxd4 4. Nxd4 Nf6 5. Nc3 e5 6. Ndb5 d6 7. Bg5 a6 8. Na3 b5 9. Nd5 Be7 10. Bxf6 Bxf6 11. c3 O-O 12. Nc2 Rb8 13. h4 g6 14. g3 {B33: Sicilian: Pelikan and Sveshnikov Variations} Bg7 15. h5 Ne7 16. Nce3 {White is slightly better.} Nxd5 17. Nxd5 Be6 (17... Bb7 18. Be2 Bf6 19. Qd3 Bg5 20. Rd1 Rc8 21. Bf3 Rc5 22. Ne3 Rc6 23. Nd5 Rc5 24. Ne3 Rc6 25. Nd5 Rc5 {½-½ (25) Mueller,G (2575)-Moll,R (2603) GER email 2015}) 18. Bh3 Bxd5 19. Qxd5 b4 $146 ({Predecessor:} 19... Bh6 20. Bf1 Kg7 21. Rd1 Rb6 {½-½ (37) Enkalo,M (2341)-Voiculescu,C (2483) ICCF email 2015}) 20. c4 Qc7 21. O-O Rb6 22. b3 Rd8 23. a4 bxa3 $1 {The position is equal.} 24. hxg6 hxg6 25. Rxa3 Qc5 26. Rfa1 Qxd5 27. cxd5 Bh6 28. Rxa6 Rxb3 29. Ra8 Rxa8 30. Rxa8+ $11 {[%mdl 4096] Endgame KRB-KRB} Bf8 31. Bd7 Rb4 32. Ra4 Rb2 33. Ra7 {Threatening Be8.} Be7 34. Bc6 Kf8 35. Rb7 Rxb7 36. Bxb7 {Accuracy: White = 82%, Black = 69%.} 1/2-1/2

[Event "7th Altibox Norway Chess 2019"]
[Site "Stavanger"]
[Date "2019.06.12"]
[Round "7.2"]
[White "Yu, Yangyi"]
[Black "Aronian, Levon"]
[Result "1/2-1/2"]
[WhiteElo "2738"]
[BlackElo "2752"]
[Annotator "TA"]
[PlyCount "61"]
[EventDate "2019.06.04"]
[EventType "tourn"]
[EventCountry "NOR"]
[SourceTitle "playchess.com"]
[Source "ChessBase"]
[SourceQuality "1"]

{[%evp 14,61,4,0,0,-3,12,17,15,17,8,14,9,2,8,10,11,0,3,0,6,3,0,0,0,0,0,0,0,0,0,0,0,0,0,0,0,0,0,0,0,0,0,0,0,0,0,0,0,0]} 1. e4 e5 2. Nf3 Nc6 3. Nc3 Nf6 4. d4 exd4 5. Nxd4 Bb4 6. Nxc6 bxc6 7. Bd3 d5 8. exd5 {The position is equal.} O-O {C47: Scotch Four Knights and Four Knights with 4 g3} 9. O-O Bg4 10. f3 (10. Be2 Bxe2 11. Nxe2 cxd5 12. Bg5 Be7 13. Nd4 Qd7 14. Qd3 Rfe8 15. Rad1 Ne4 16. Bxe7 Rxe7 {½-½ (45) Carlsen,M (2861)-Nakamura,H (2761) Abidjan 2019}) 10... Bh5 $1 11. dxc6 Qd4+ 12. Kh1 {[#] Black must now prevent Bxh7+!} Bxc3 13. bxc3 Qxc3 14. Bf4 Qxc6 {[#]} 15. Qd2 $146 ({Predecessor:} 15. Qe2 Nd5 16. Bg3 {½-½ (32) Nikolaidis,I (2544)-Melkumyan,H (2660) Batumi 2018}) 15... Bg6 16. Rac1 Rfd8 17. Rfe1 a5 18. Be5 Nd5 19. a3 Qa4 20. Bxg6 hxg6 21. Qd3 Rd7 22. h3 Rad8 23. Qb3 Qxb3 24. cxb3 Rb8 25. Rc5 Rxb3 26. Rxa5 f6 27. Bg3 Ne3 28. Bf4 Nc2 29. Rc1 Rxa3 30. Rxa3 Nxa3 31. Rxc7 {Accuracy: White = 69%, Black = 90%.} 1/2-1/2

[Event "7th Altibox Norway Chess 2019"]
[Site "Stavanger"]
[Date "2019.06.12"]
[Round "7.3"]
[White "Ding, Liren"]
[Black "Mamedyarov, Shakhriyar"]
[Result "1-0"]
[WhiteElo "2805"]
[BlackElo "2774"]
[Annotator "TA"]
[PlyCount "67"]
[EventDate "2019.06.04"]
[EventType "tourn"]
[EventCountry "NOR"]
[SourceTitle "playchess.com"]
[Source "ChessBase"]
[SourceQuality "1"]

{[%evp 16,67,42,28,27,24,23,26,24,35,46,60,57,61,57,63,64,45,76,48,45,37,36,0,38,13,17,10,13,0,44,13,193,178,169,81,72,77,260,241,247,248,258,258,258,258,258,258,258,258,258,258,267,225]} 1. d4 Nf6 2. c4 g6 3. f3 d5 4. cxd5 Nxd5 5. e4 Nb6 6. Nc3 Bg7 7. Be3 O-O 8. Qd2 e5 9. d5 c6 {D70: Grünfeld: Unusual White 3rd moves (met by ...d5)} 10. h4 (10. Rd1 cxd5 11. exd5 N8d7 12. Nh3 e4 13. fxe4 Ne5 14. Nf2 f5 15. Bc5 Rf7 16. Be2 f4 17. Bf3 {½-½ (25) Aronian,L (2805)-Vachier Lagrave,M (2789) London 2017}) 10... cxd5 11. exd5 N8d7 {[%cal Bb8d7,Bd7f6,Bf6g4][%mdl 32] White has an edge.} 12. h5 Nf6 {[%cal Rf6d5]} 13. hxg6 fxg6 {[%cal Rf6d5]} 14. O-O-O $1 Bd7 15. Kb1 Rc8 16. d6 e4 17. fxe4 {[#] Strongly threatening Nf3.} Ng4 $146 18. Bg5 Qe8 {aiming for ...Bxc3.} 19. Nf3 $1 Rf7 (19... Rxc3 $5 20. bxc3 Qxe4+ 21. Bd3 Qc6 $11) 20. Qe1 Rc5 (20... Bxc3 $5 21. bxc3 Na4 $11) 21. Bd2 Be6 $1 {Threatens to win with ...Bxc3.} 22. e5 $36 {[%mdl 2048] White fights for an advantage.} Bxe5 (22... Na4 $5 {[%cal Ra4c3]} 23. b3 Nxe5 $15) 23. Bd3 $1 Na4 $2 (23... Bg7 $11) 24. Nxe5 $18 Rxe5 25. Qh4 (25. Qg3 $1 $18 {is more deadly.}) 25... Rh5 $16 26. Qg3 $1 (26. Qe1 $2 Rxh1 27. Qxh1 Nf2 $19) 26... Nxc3+ $2 (26... Rxh1 $16 {was called for.} 27. Rxh1 Nc5) 27. Bxc3 $18 Qa4 {[#]} (27... Rxh1 $6 28. Rxh1 Rf8 29. b3) 28. d7 $1 {[%mdl 512]} Rd5 (28... Qxd7 29. Rxh5) 29. Bc2 {White has a decisive advantage.} (29. Qb8+ Rf8 $11) 29... Qxd7 ({Don't blunder} 29... Rxd1+ $2 30. Rxd1 Qxa2+ 31. Kc1 $18) 30. Bb3 $1 {[%cal Rb3d5]} Rxd1+ 31. Rxd1 Qc8 {[#]} 32. Qh4 $1 {Rd8+ would kill now.} ({Not} 32. Bxe6 Qxe6 33. Rd8+ Rf8 $16) 32... Nf6 {[#]} 33. Rd6 $1 {[%mdl 512]} Bxb3 34. Rxf6 {Accuracy: White = 67%, Black = 59%.} 1-0

[Event "7th Altibox Norway Chess 2019"]
[Site "Stavanger"]
[Date "2019.06.12"]
[Round "7.4"]
[White "Caruana, Fabiano"]
[Black "Anand, Viswanathan"]
[Result "1/2-1/2"]
[WhiteElo "2819"]
[BlackElo "2767"]
[Annotator "TA"]
[PlyCount "135"]
[EventDate "2019.06.04"]
[EventType "tourn"]
[EventCountry "NOR"]
[SourceTitle "playchess.com"]
[Source "ChessBase"]
[SourceQuality "1"]

{[%evp 21,135,13,15,0,33,39,35,25,48,20,30,10,22,28,64,68,207,173,281,175,243,150,226,218,237,220,253,221,224,229,245,212,447,620,574,508,591,568,1442,610,614,579,1490,372,335,341,316,117,117,112,111,111,116,115,116,116,99,71,62,44,33,34,95,68,60,75,100,0,0,0,0,0,0,0,0,0,0,0,0,0,0,3,5,-3,-7,-3,-4,-10,-10,-10,-10,-24,-24,-42,-42,-42,-42,-42,-42,-42,-42,-42,-42,-42,-8,-41,-41,-128,-16,-28,-25,-42,0,0,0,-42]} 1. e4 e5 2. Nf3 Nc6 3. Bb5 a6 4. Ba4 Nf6 5. O-O Nxe4 6. d4 b5 7. Bb3 d5 8. dxe5 Be6 9. Be3 Be7 10. c3 O-O 11. Nbd2 Bg4 12. Re1 {C83: Open Ruy Lopez: 9 c3 Be7} (12. Nxe4 dxe4 13. Qd5 Qxd5 14. Bxd5 exf3 15. Bxc6 fxg2 16. Rfc1 Rab8 17. a4 b4 18. cxb4 Rxb4 19. Bxg2 c5 20. Bxc5 Bxc5 21. Rxc5 Rxb2 {½-½ (37) Karjakin,S (2773)-Anand,V (2768) Saint Louis 2018}) 12... Nxd2 $146 ({Predecessor:} 12... Nc5 13. h3 Nxb3 14. axb3 Bh5 15. Qb1 Bg6 16. Qc1 a5 17. Nf1 Qd7 18. Qd2 Rfd8 19. N1h2 d4 20. Bxd4 Nxd4 21. Qxd4 {1-0 (73) Nikolova,A (2334)-Olsarova,T (2296) Germany 2014}) 13. Bxd2 Qd7 14. h3 {White is slightly better.} Bh5 15. a4 b4 16. a5 bxc3 17. Bxc3 Rfd8 18. Rc1 Bxf3 (18... Bg5 $14) 19. Qxf3 $18 Na7 (19... Bf8 $142 20. e6 fxe6) 20. Bc2 g6 (20... Qe8 $142 21. e6 f6) 21. Qg3 Qe6 (21... Qe8 $16 22. e6 f6 23. Qxc7 Nb5) 22. Bd1 d4 23. Bd2 $1 c5 24. Bg4 Qa2 25. e6 f6 26. Bf5 {Black must now prevent Bxg6!} Qxb2 $2 (26... Kh8 {was necessary.}) 27. Rc2 Qb8 {And now ...Qxg3 would win.} 28. Bf4 $1 {[%cal Rf4b8]} Qb4 {[#]} 29. Bxg6 $1 {[%mdl 512] Bf5+ would kill now.} Qxe1+ (29... hxg6 30. Qxg6+) 30. Kh2 {White wants to mate with Bf5+.} Rd5 31. Rc1 (31. Be4+ Kh8 $16) 31... Rg5 32. Qf3 $2 ({Not} 32. Rxe1 Rxg3 33. Be4 Ra3 $17) (32. Bf7+ Kg7 33. Bxg5 (33. Rxe1 Rxg3 34. Bxg3 Nc6 $17)) 32... Qxe6 33. Qxa8+ {[%mdl 64] Double Attack} Kg7 {aiming for ...Bd6.} 34. Bd3 $2 ({Less strong is} 34. Qxa7 hxg6 35. Qb6 (35. Bxg5 fxg5 36. Rd1 Kf7 $16) 35... Qe2 $14) (34. Be4 $18) 34... Qd5 $16 35. Qxd5 Rxd5 36. Bxa6 c4 37. Bxc4 Rxa5 38. Bd3 Nb5 39. Rc6 Nc3 40. g4 Nd5 41. Bd6 Ra7 (41... Nb4 $14 42. Bxb4 Bxb4) 42. Be4 Rd7 43. Bg3 Nb4 44. Rc1 ({White should try} 44. Rc7 $16 Rxc7 45. Bxc7) 44... d3 $11 {Threatens to win with ...d2.} 45. Bf5 d2 46. Rd1 Rd4 47. f4 $1 Na2 {Hoping for ...Nc3.} 48. Bf2 Rd8 (48... Rd5 $5 49. Be3 $8 Bb4 $14) 49. Be3 $1 Bb4 {Black wants to play ...Re8.} 50. Kg2 Nc1 51. Kf3 Nb3 52. Bc2 Nd4+ 53. Bxd4 $1 Rxd4 {[%mdl 4096] Endgame KRB-KRB} 54. Ke3 Rc4 55. Bd3 Rc1 56. Ke2 {[#]} h5 $1 {[%mdl 512]} 57. gxh5 Kh6 58. Bg6 Ba5 {[%mdl 1024] Black has compensation.} 59. Be8 Rc7 {...Re7+ is the strong threat.} 60. Bg6 Re7+ 61. Kd3 Re1 62. Kc2 Re3 63. h4 (63. Ra1 $5 {[%cal Ra1a5]} Re1 64. Rd1 $15) 63... Re1 64. Bf7 {[#]} ({White should play} 64. Rxd2 $15 Bxd2 65. Kxd2) 64... Kg7 (64... Re4 $1 $17 65. Ra1 Bb4) 65. Bg6 Bb4 66. Bd3 Re3 (66... Kh6 $5 {[%cal Rh6h5]} 67. Bg6 Ba5 $17) 67. Rb1 Re1 {Strongly threatening ...Rxb1.} 68. Rd1 {Accuracy: White = 62%, Black = 51%.} 1/2-1/2

[Event "7th Altibox Norway Chess 2019"]
[Site "Stavanger"]
[Date "2019.06.12"]
[Round "7.5"]
[White "Vachier-Lagrave, Maxime"]
[Black "Grischuk, Alexander"]
[Result "1/2-1/2"]
[WhiteElo "2779"]
[BlackElo "2775"]
[Annotator "TA"]
[PlyCount "85"]
[EventDate "2019.06.04"]
[EventType "tourn"]
[EventCountry "NOR"]
[SourceTitle "playchess.com"]
[Source "ChessBase"]
[SourceQuality "1"]

{[%evp 11,85,6,12,4,13,-40,-20,-31,-11,-10,-10,-28,-14,-30,-6,-6,-3,-5,-6,-21,-20,-28,31,25,16,29,38,9,34,44,48,20,21,0,0,0,0,0,0,0,0,0,0,0,0,0,0,0,0,0,0,0,0,0,0,0,0,0,0,0,0,0,0,0,0,0,0,0,0,0,0,0,0,0,0,0]} 1. e4 c5 2. Nf3 Nc6 3. Bb5 g6 4. Bxc6 dxc6 5. h3 e5 6. d3 f6 7. a3 {B31: Sicilian: 2...Nc6 3 Bb5 g6} (7. g4 Nh6 8. g5 Nf7 9. gxf6 Qxf6 10. Be3 Nd8 11. Nbd2 Ne6 12. Nc4 Nd4 13. Ncxe5 Nxf3+ 14. Nxf3 Qxb2 {0-1 (37) Short,N (2690)-Ivanchuk,V (2739) Reggio Emilia 2011}) 7... Nh6 8. b4 $146 (8. Be3 $11) ({Predecessor:} 8. Bd2 Nf7 9. Nc3 Be6 10. Qe2 Qc7 11. O-O g5 12. Nh2 h5 13. b4 O-O-O 14. Be3 Be7 {1-0 (52) Haapasalo,J (2185)-Holmsten,A (2425) Espoo 1998}) 8... Nf7 9. c3 a5 {[%cal Ra5b4]} 10. bxc5 Bxc5 11. d4 Bd6 12. a4 Qe7 13. O-O O-O 14. Re1 b5 15. axb5 (15. Nbd2 {is interesting.} Be6 16. Qc2 Rfb8 17. Bb2 Kg7 18. Rec1) 15... cxb5 16. Ba3 b4 {[#]} (16... Bb7 $11) 17. Bxb4 $1 $14 {[%mdl 512]} Bxb4 (17... axb4 18. Rxa8) 18. cxb4 Qxb4 19. Ra4 {[%cal Ba1a4,Ba4c4,Bc4c3][%mdl 32]} Qb6 20. Nc3 Bd7 21. Rc4 Be6 $1 {[%cal Re6c4] The position is equal.} 22. Na4 Qb5 23. Rc3 Qb4 24. dxe5 Nxe5 25. Nxe5 fxe5 26. Qc2 Rfc8 27. Ree3 Rxc3 28. Rxc3 Rb8 29. Nc5 Rc8 30. Qc1 Bf7 31. Kh2 Rc6 32. f3 Kg7 33. Rc2 Qd4 34. Nb7 Rxc2 35. Qxc2 {Strongly threatening Qc7.} Qb6 36. Nc5 Qb4 37. Nd7 Qd6 38. Nc5 Qd4 39. Nb7 {aiming for Qc7.} Qb6 40. Nc5 Qb4 41. Nd7 Qd6 42. Nc5 Qd4 43. Nb7 {Accuracy: White = 70%, Black = 78%.} 1/2-1/2

[Event "7th Altibox Norway Chess 2019"]
[Site "Stavanger"]
[Date "2019.06.13"]
[Round "8.1"]
[White "Carlsen, Magnus"]
[Black "Yu, Yangyi"]
[Result "1-0"]
[WhiteElo "2875"]
[BlackElo "2738"]
[Annotator "TA"]
[PlyCount "87"]
[EventDate "2019.06.04"]
[EventType "tourn"]
[EventCountry "NOR"]
[SourceTitle "playchess.com"]
[Source "ChessBase"]
[SourceQuality "1"]

{[%evp 9,87,-19,-4,-23,0,-42,-37,-25,7,11,19,14,15,13,14,-2,0,3,20,18,39,53,51,42,88,61,59,68,92,92,97,102,90,90,124,124,124,124,124,121,128,123,130,124,122,121,138,137,138,138,178,170,184,193,189,172,242,235,277,272,365,391,366,377,392,390,419,422,490,490,490,489,489,294,489,485,485,485,5077,2171]} 1. d4 d5 2. c4 c6 3. Nf3 Nf6 4. Nc3 dxc4 5. e4 b5 $1 6. Be2 {D15: Slav Defence: 4 Nc3 a6 and gambit lines after 4 Nc3 dxc4} b4 (6... e6 7. O-O Be7 8. a4 b4 9. e5 Nd5 10. Ne4 Ba6 11. Bd2 Qa5 12. Rc1 Nd7 13. Bxc4 Bxc4 14. Rxc4 {½-½ (39) Salem,A (2672)-Shankland,S (2725) chess.com INT 2019}) 7. e5 bxc3 8. exf6 {Black is slightly better.} exf6 {Strongly threatening ...Bb4.} 9. bxc3 Bd6 $146 ({Predecessor:} 9... Qa5 10. O-O Be6 11. Re1 Be7 12. Qc2 Nd7 13. Bf4 Nb6 {0-1 (33) Drozdov,S (2241)-Beinoras,M (2404) Lithuania 2014}) 10. O-O O-O 11. Nd2 $36 {[%mdl 2048] Black is under pressure.} Re8 12. Re1 Nd7 13. Nxc4 Bc7 14. Bf3 {Black should prevent Rxe8+.} Ba6 15. Ne3 Nb6 16. Ba3 Nc4 17. Qd3 Rxe3 $1 18. Rxe3 Nxe3 19. Qxa6 Nc2 20. Rd1 {Black must now prevent Bc5.} Nxa3 21. Qxa3 Qd6 22. Qxd6 Bxd6 $16 {[%mdl 4096] Endgame KRB-KRB} 23. c4 $1 {[%cal Bc3c4,Bc4c5][%mdl 32]} Rc8 24. c5 $1 {[%cal Rc5d6]} Be7 25. Kf1 f5 {[#]} 26. Ke2 $1 g5 {next ...g4 is good for Black.} 27. h3 Kg7 28. Kd3 Kg6 29. Rb1 h5 30. Rb7 Bf6 {[#]} 31. Rd7 $1 (31. Rxa7 $6 g4 $16) 31... g4 32. Bd1 Kg5 (32... gxh3 $142 33. gxh3 Bh4) 33. Ba4 $18 (33. Rxf7 Rd8 $11) 33... f4 {Now ...f3 and Black clings on.} 34. f3 (34. Rxf7 f3 $11) (34. Rxa7 Rd8 $11) 34... Re8 35. fxg4 (35. Rxa7 gxh3 36. gxh3 Rd8 $14) (35. Rxf7 gxh3 36. gxh3 Re3+ 37. Kc4 Rxf3 $16) 35... hxg4 36. hxg4 ({Inferior is} 36. Rxa7 Re3+ 37. Kc4 gxh3 $14) ({Stronger than} 36. Rxf7 Rd8 $11) ({Less strong is} 36. Bxc6 f3 $16) 36... Re6 37. Bd1 Re3+ 38. Kc4 a5 39. Bf3 Ra3 {Black hopes to continue with ...Ra4+.} 40. Bxc6 Rxa2 41. Be4 a4 $2 (41... Ra4+ 42. Kd3 Ra3+ 43. Kc2 Re3) 42. c6 {White is clearly winning.} Ra1 43. c7 a3 (43... Rc1+ $142 44. Kb4 Bxd4) 44. Kb3 {Accuracy: White = 87%, Black = 46%.} 1-0

[Event "7th Altibox Norway Chess 2019"]
[Site "Stavanger"]
[Date "2019.06.13"]
[Round "8.2"]
[White "Aronian, Levon"]
[Black "Caruana, Fabiano"]
[Result "0-1"]
[WhiteElo "2752"]
[BlackElo "2819"]
[Annotator "TA"]
[PlyCount "82"]
[EventDate "2019.06.04"]
[EventType "tourn"]
[EventCountry "NOR"]
[SourceTitle "playchess.com"]
[Source "ChessBase"]
[SourceQuality "1"]

{[%evp 9,82,0,-6,-22,-10,0,-8,-15,-14,-12,-13,-27,-25,-24,-16,-22,2,0,0,0,22,0,0,0,0,0,7,0,0,-9,0,-7,0,0,0,0,0,-14,-4,-4,-4,-7,0,0,0,0,0,0,0,0,0,0,0,-10,-18,-10,0,-7,0,-83,-16,-389,-392,-763,-696,-683,-382,-382,-382,-824,-822,-29986,-29987,-29993,-29993]} 1. c4 e5 2. g3 Nf6 3. Nc3 Bb4 4. e4 Bxc3 5. dxc3 d6 6. Qc2 $146 {A22: English Opening: 1...e5 2 Nc3 Nf6} ({Predecessor:} 6. f3 a5 7. Nh3 a4 8. Nf2 Be6 9. Bd3 Nbd7 10. Qe2 c6 11. f4 Nb6 {½-½ (63) Carlsen,M (2845)-Anand,V (2774) Karlsruhe/Baden Baden 2019}) 6... O-O 7. Nf3 Be6 8. Ng5 {The position is equal.} Bd7 9. f3 a5 {[%cal Ba7a5,Ba5a4][%mdl 32]} 10. Nh3 a4 11. Nf2 Nc6 12. Be2 Na5 13. b4 axb3 14. axb3 Nc6 15. Rb1 Be6 16. Nd1 Ne7 17. O-O c6 18. Bg5 Nd7 19. Qd2 h6 20. Be3 Nf6 21. Nf2 d5 22. Rfd1 Qc7 23. Bc5 (23. Bd3 {feels hotter.} b6 24. Qe2 Rfd8 25. Ra1 Rxa1 26. Rxa1 Nd7 27. Rd1) 23... b6 24. Bxe7 Qxe7 25. cxd5 cxd5 26. exd5 Bxd5 27. c4 Bc6 28. Qe3 Ra2 29. Ra1 Rxa1 30. Rxa1 Nd7 31. Bd3 f5 32. Bc2 $1 e4 33. fxe4 Ne5 34. Bd1 {[#]} (34. Qxb6 fxe4 35. Qe3 Nf3+ 36. Kg2 Ng5 $19) (34. Rf1 $11 {remains equal.}) 34... fxe4 ({Better is} 34... Bb7 $1 $17) 35. Be2 $2 {[%mdl 8192] [#]} (35. Ng4 $1 $11 {and White is okay.}) 35... Nf3+ $1 $19 36. Bxf3 $2 (36. Kh1 Qg5 37. Qxb6) 36... Rxf3 37. Qxb6 Qf6 38. Rd1 e3 {( -> ...Rxg3+!)} 39. Ng4 $2 (39. Qd8+ Qxd8 40. Rxd8+ Kh7 41. Kf1) 39... Qe6 40. Qb8+ Kh7 41. Ne5 {[#]} e2 {Played: Qe6-h3} 0-1

[Event "7th Altibox Norway Chess 2019"]
[Site "Stavanger"]
[Date "2019.06.13"]
[Round "8.3"]
[White "Vachier-Lagrave, Maxime"]
[Black "Ding, Liren"]
[Result "1/2-1/2"]
[WhiteElo "2779"]
[BlackElo "2805"]
[Annotator "TA"]
[PlyCount "40"]
[EventDate "2019.06.04"]
[EventType "tourn"]
[EventCountry "NOR"]
[SourceTitle "playchess.com"]
[Source "ChessBase"]
[SourceQuality "1"]

{[%evp 12,40,15,12,25,25,27,13,15,21,21,17,29,8,21,0,0,13,0,0,0,0,0,0,0,-9,0,0,0,0,0]} 1. e4 e5 2. Nf3 Nc6 3. Bc4 Bc5 4. c3 Nf6 5. d3 d6 6. O-O O-O 7. Re1 a6 {C54: Giuoco Piano: 4 c3 Nf6, main lines with 5 d4 and 5 d3} (7... a5 8. h3 h6 9. Nbd2 Be6 10. Bb5 Qb8 11. Bxc6 bxc6 12. d4 exd4 13. cxd4 Bb4 14. a3 Bxd2 15. Nxd2 {½-½ (43) Giri,A (2797)-Ding,L (2809) Shenzhen 2019}) 8. a4 Ba7 9. h3 Be6 10. Bxe6 fxe6 11. b4 Nh5 12. Ra2 $146 ({Predecessor:} 12. Be3 Qf6 13. Kh2 Nf4 14. Bxa7 Rxa7 {0-1 (62) Illingworth,M (2506)-Sangma,R (2325) Abu Dhabi 2017}) 12... Qf6 {The position is equal.} 13. Na3 Ne7 14. Bg5 Qf7 15. Be3 Nf4 16. Kh2 Qg6 {[%csl Gf4][%cal Rg6g2] [#]} 17. Nh4 $1 {[%cal Rh4g6]} Qh6 18. Nf3 Qg6 {[%csl Gf4][%cal Rg6g2]} 19. Nh4 $1 {[%cal Rh4g6]} Qh6 20. Nf3 Qg6 {Accuracy: White = 62%, Black = 66%.} 1/2-1/2

[Event "7th Altibox Norway Chess 2019"]
[Site "Stavanger"]
[Date "2019.06.13"]
[Round "8.4"]
[White "Mamedyarov, Shakhriyar"]
[Black "So, Wesley"]
[Result "1/2-1/2"]
[WhiteElo "2774"]
[BlackElo "2754"]
[Annotator "TA"]
[PlyCount "92"]
[EventDate "2019.06.04"]
[EventType "tourn"]
[EventCountry "NOR"]
[SourceTitle "playchess.com"]
[Source "ChessBase"]
[SourceQuality "1"]

{[%evp 9,92,11,11,11,6,7,8,16,12,-2,-6,-12,17,0,17,18,30,41,41,39,56,27,21,4,16,24,16,12,20,15,29,28,27,27,18,20,26,20,39,39,35,36,65,65,64,18,20,21,21,21,21,21,22,22,14,14,15,4,12,0,23,12,12,5,12,12,6,8,8,6,11,0,0,0,0,0,0,0,8,8,8,8,8,0,0]} 1. d4 Nf6 2. Bg5 d5 3. e3 c5 4. Bxf6 gxf6 5. dxc5 Nc6 6. Bb5 {D00: 1 d4 d5: Unusual lines} e6 7. c4 dxc4 8. Nd2 Bd7 (8... c3 9. bxc3 Qd5 10. Ngf3 Qxc5 11. Ba4 Bg7 12. Ne4 Qa5 13. Bxc6+ bxc6 {½-½ (42) Vitiugov,N (2719)-Le,Q (2714) St Petersburg 2018}) 9. Ngf3 c3 10. bxc3 Bxc5 (10... a6 $5 {[%cal Ra6b5]} 11. Bxc6 Bxc6 $11) 11. O-O O-O $146 (11... a6 $5 {[%cal Ra6b5]} 12. Bxc6 Bxc6 $11) ({Predecessor:} 11... Qc7 12. Nd4 Be7 13. Rb1 {1-0 (25) Langrock,H (2405)-Fodor,T (2511) Germany 2017}) 12. Rb1 Qc7 13. Nd4 Be7 14. Qh5 f5 15. e4 {[%cal Re4f5]} Qf4 16. Rfd1 Qg4 ({Much weaker is} 16... fxe4 $6 17. g3 $16) 17. Qxg4+ fxg4 18. Nc4 Rfd8 19. Bxc6 bxc6 20. Ne5 c5 21. Ndc6 Bxc6 $1 22. Nxc6 Rxd1+ 23. Rxd1 $11 {[%mdl 4096] Endgame KRB-KRN} Bf6 24. e5 Bg5 25. g3 a5 26. h4 Bh6 $1 27. Kf1 Kf8 28. Rd7 Ke8 29. Re7+ Kf8 30. Rc7 Bd2 31. c4 h5 32. Ke2 Bc3 33. Kd3 Be1 34. Ke2 Bc3 35. f3 gxf3+ {The position is equal.} 36. Kxf3 a4 37. g4 Kg7 38. gxh5 Rh8 39. Kg4 Rg8 $1 40. Rd7 {[#] Threatens to win with Kg5.} Kh6+ 41. Kf3 Rg1 42. Nd8 Kxh5 43. Rxf7 Bxe5 (43... Rd1 $5 44. Rh7+ $8 Kg6 $11) 44. Ra7 Rf1+ 45. Ke2 Rf4 46. Rxa4 Bd4 {Accuracy: White = 74%, Black = 64%.} 1/2-1/2

[Event "7th Altibox Norway Chess 2019"]
[Site "Stavanger"]
[Date "2019.06.13"]
[Round "8.5"]
[White "Grischuk, Alexander"]
[Black "Anand, Viswanathan"]
[Result "1/2-1/2"]
[WhiteElo "2775"]
[BlackElo "2767"]
[Annotator "TA"]
[PlyCount "61"]
[EventDate "2019.06.04"]
[EventType "tourn"]
[EventCountry "NOR"]
[SourceTitle "playchess.com"]
[Source "ChessBase"]
[SourceQuality "1"]

{[%evp 24,61,47,30,37,37,44,41,48,51,45,40,47,47,43,6,17,6,20,7,22,6,8,13,13,0,0,0,0,0,0,0,0,0,0,0,0,0,0,0]} 1. e4 e5 2. Nf3 Nc6 3. Bb5 a6 4. Ba4 Nf6 5. O-O Nxe4 6. d4 b5 7. Bb3 d5 8. dxe5 Be6 9. Nbd2 Nc5 10. c3 d4 11. Bxe6 Nxe6 12. cxd4 Ncxd4 13. a4 Bb4 {C80: Open Ruy Lopez: Sidelines and 9 Nbd2} (13... Bc5 14. Ne4 Bb6 15. Nfg5 Qd5 16. Nxe6 Qxe6 17. axb5 a5 18. b4 a4 19. Be3 Qxe5 20. Nc3 Ne6 21. Bxb6 Qxc3 {½-½ (31) Kramnik,V (2777)-Mamedyarov,S (2817) Wijk aan Zee 2019}) 14. axb5 Nxf3+ ({Reject} 14... axb5 $6 15. Rxa8 Qxa8 16. Nxd4 $16) 15. Nxf3 axb5 {White is slightly better.} 16. Rxa8 Qxa8 17. Ng5 Nxg5 18. Bxg5 {[#] Hoping for Qg4.} h6 19. e6 $146 ({Predecessor:} 19. Bh4 g5 20. e6 O-O 21. Bg3 {1-0 (57) Witzschel,P (2380)-Milanollo,M (2305) ICCF email 2014}) 19... fxe6 {The position is equal.} 20. Qh5+ Kf8 21. Bf4 Qd5 22. Qe2 {With the idea Rd1.} Bd6 $132 {[%mdl 2048] Black is not keeping still} 23. Rd1 Qc4 $1 {[%cal Rc4e2]} 24. Qxc4 bxc4 25. Bxd6+ cxd6 26. Rxd6 $11 {[#] Threatens to win with Rd8+. KR-KR} Ke7 27. Rc6 Rb8 28. Rxc4 Rxb2 {( -> ...Rb1+)} 29. g3 h5 30. h4 g6 31. Kg2 {Accuracy: White = 78%, Black = 100%.} 1/2-1/2